Didáctica de la lengua y literatura para primaria

Gardado en:
Detalles Bibliográficos
Autor Principal: Mendoza Fillola, Antonio (autor)
Formato: Libro
Idioma:Lingua castelá
Publicado: Madrid Pearson Educación 2003
Edición:1a. ed
Series:Colección Didáctica Primaria
Subjects:
Tags: Engadir etiqueta
Sen Etiquetas, Sexa o primeiro en etiquetar este rexistro!

MARC

LEADER 00000cam a2200000 a 4500
001 UCE9825
003 CL-VaPUC
008 151106e20030000sp |||||||||||||||||spa|d
020 |a 8420534552 
082 0 4 |a 372.64  |b MEN  |2 21 
100 |a Mendoza Fillola, Antonio  |e autor  |9 582777 
245 1 0 |a Didáctica de la lengua y literatura para primaria 
250 |a 1a. ed 
300 |a 572 p 
942 |c BK 
945 |d 20151106 14:16:00  |a arojas 
260 |a Madrid  |b Pearson Educación  |c 2003 
650 0 |a Enseñanza de la literatura  |9 283372 
650 0 |a Métodos de enseñanza  |9 270413 
650 0 |a Educación básica   |9 224933 
650 0 |a Géneros literarios   |9 311945 
583 |a last modification  |c 20190507 09:15:06  |k Rodrigo Vera 
490 0 |a Colección Didáctica Primaria 
999 |c 361468  |d 361466 
952 |0 0  |1 0  |3 erb  |4 0  |6 372_640000000000000_MEN_2003  |7 0  |8 A  |9 472024  |a BIBEDU  |b BIBEDU  |c ES_NOD  |i 5247667  |l 1  |m 1  |o 372.64 MEN 2003  |p 5247667  |r 2024-05-17  |s 2024-04-25  |w 2019-11-24  |y BK  |z Catalogado en:20151106  |k EBA 
952 |0 0  |1 0  |3 erb  |4 0  |6 372_640000000000000_MEN_2003  |7 0  |8 A  |9 472025  |a BIBEDU  |b BIBEDU  |c ES_NOD  |i 5247675  |l 1  |o 372.64 MEN 2003  |p 5247675  |r 2025-04-21  |s 2025-04-10  |w 2019-11-24  |y BK  |z Catalogado en:20151106  |k EBA